00483nam a2200181 a 450000100060000000300090000600800410001502000150005604000280007108200170009910000230011624500240013925000370016326000410020030000110024165000230025265000260027511113CO-ViMGA141112s2004 ck r 000 u spa d a968190253X aCO-ViMGAbspacCO-ViMGA04aEC863.6 V17v1 aVásconez, Javier10aEl viajero de praga aMexico, Alfaguara editores, 1996 aMexico, cAlfaguara editores, c1986 a303 p.14aNOVELA ECUATORIANA14aVIDA COTIDIANA NOVELA